| 000 | 00630nam a2200217 i 4500 | ||
|---|---|---|---|
| 001 | 89504 | ||
| 003 | ES-MaACL | ||
| 005 | 20250805063248.0 | ||
| 007 | t| | ||
| 008 | 050111s1952 sp f ||||1| spa d | ||
| 080 | _a299.5 | ||
| 100 | 0 |
_aLaozi _9241542 |
|
| 245 | 1 | 0 |
_aTao-teh-king _b= (El libro del camino recto) / _cLao-Tse ; [traducción, C. Serra]. |
| 260 |
_aPalma de Mallorca : _bClumba, _c1952 ( _fSoler) |
||
| 300 |
_a97 p., 4 lám. ; _c13 cm. |
||
| 650 | 0 | 4 |
_aTaoísmo. _917283 |
| 700 | 1 |
_aSerra, C. _9105601 |
|
| 740 | 3 | _aEl libro del camino recto. | |
| 852 |
_aES-MaACL _jD-8522 |
||
| 999 |
_c89504 _d89504 |
||